| 000 | 00632cam a2200229 4500 | ||
|---|---|---|---|
| 008 | 090401t1990 xxu||||| |||| 00| 0 eng d | ||
| 020 | _a0728201453 | ||
| 035 | _a(Sirsi) u27519 | ||
| 041 | _aeng | ||
| 050 | _a711.1 | ||
| 100 | _aLavers, Anthony P | ||
| 245 | 2 | _aA practice guide to planning appeals | |
| 260 |
_aLondon _bEstates Gazette _c1990 |
||
| 300 | _a59p. ; 22cm. | ||
| 350 | _a8.5 | ||
| 490 | _aEstates Gazette Professional Guides | ||
| 520 | _aProduced for Estates Gazette by Leaf Coppin Publishing Ltd . | ||
| 650 | _aPLANNING INQUIRIES | ||
| 700 | _aWebster, Bernard | ||
| 942 | _n0 | ||
| 948 | _c04/03/1997 | ||
| 999 |
_c89122 _d89122 |
||